Statistics for Flowers

Click here to take the quiz!

General Stats

  • This quiz has been taken 11 times
  • The average score is 5 of 15

Answer Stats

Answer% Correct
Daisy
100%
rose
100%
sunflower
100%
Lily
70%
Tulip
50%
cherry blossom
40%
Orchid
10%
pink rose
10%
Blue flower
0%
Muticoloured flower
0%
pink flower
0%
Purple flowers
0%
red flower
0%
White flower
0%
yellow flowers
0%

Score Distribution

Percentile by Number Answered

Percent of People with Each Score

Your Score History

You have not taken this quiz